Eastern and Southern Africa Workshop Preparatory to ADF IV on Governance for a Progressing Africa (14-26 November 2003, Lusaka, Zambia) (Record no. 40672)
[ view plain ]
| 000 -LEADER | |
|---|---|
| fixed length control field | 01027nam a2200265 a 4500 |
| 003 - CONTROL NUMBER IDENTIFIER | |
| control field | CBULib |
| 005 - DATE AND TIME OF LATEST TRANSACTION | |
| control field | 20231025104421.0 |
| 008 - FIXED-LENGTH DATA ELEMENTS--GENERAL INFORMATION | |
| fixed length control field | 131029s2004 ||||||||||||||||| || u |
| 040 ## - CATALOGING SOURCE | |
| Original cataloging agency | CBULib |
| Language of cataloging | eng |
| Transcribing agency | CBULib |
| Modifying agency | CBUlib |
| Description conventions | rda |
| 041 ## - LANGUAGE CODE | |
| Language code of text/sound track or separate title | eng |
| 050 ## - LIBRARY OF CONGRESS CALL NUMBER | |
| Classification number | UN-ECA(058)RWG/2003/2 |
| 110 ## - MAIN ENTRY--CORPORATE NAME | |
| Corporate name or jurisdiction name as entry element | United Nations Economic Commission For Africa(UNECA) |
| 245 10 - TITLE STATEMENT | |
| Title | Eastern and Southern Africa Workshop Preparatory to ADF IV on Governance for a Progressing Africa (14-26 November 2003, Lusaka, Zambia) |
| Statement of responsibility, etc | Report of the Southern Africa Working Group |
| 260 ## - PUBLICATION, DISTRIBUTION, ETC. (IMPRINT) | |
| Place of publication, distribution, etc | Lusaka : |
| Name of publisher, distributor, etc | UNITED NATIONS ECONOMIC COMMISSION FOR AFRICA(UNECA), |
| Date of publication, distribution, etc | 2004. |
| 300 ## - PHYSICAL DESCRIPTION | |
| Extent | 26 pages.: illustrations. |
| 336 ## - CONTENT TYPE | |
| Source | rdacontent |
| Content type term | Text | |
| Content type code | txt |
| 337 ## - MEDIA TYPE | |
| Source | rdamedia |
| Media type term | Unmediated | |
| Media type code | n |
| 338 ## - CARRIER TYPE | |
| Source | rdacarrier |
| Carrier type term | Volume |
| Carrier type code | nc |
| 504 ## - BIBLIOGRAPHY, ETC. NOTE | |
| Bibliography, etc | includes references |
| 650 #0 - SUBJECT ADDED ENTRY--TOPICAL TERM | |
| Topical term or geographic name as entry element | AFRICA--ECONOMIC CONDITIONS |
| 650 ## - SUBJECT ADDED ENTRY--TOPICAL TERM | |
| Topical term or geographic name as entry element | GOOD GOVERNANCE |
| 650 ## - SUBJECT ADDED ENTRY--TOPICAL TERM | |
| Topical term or geographic name as entry element | GOOD GOVERNANCE--AFRICA |
| 942 ## - ADDED ENTRY ELEMENTS (KOHA) | |
| Source of classification or shelving scheme | |
| Koha item type | INTERNATIONAL PUBLICATIONS |
| Withdrawn status | Lost status | Source of classification or shelving scheme | Damaged status | Not for loan | Permanent Location | Current Location | Date acquired | Full call number | Barcode | Date last seen | Price effective from | Koha item type | Collection code | Source of acquisition | Total Checkouts |
|---|---|---|---|---|---|---|---|---|---|---|---|---|---|---|---|
| CBU-MAIN LIBRARY, KITWE. | CBU-MAIN LIBRARY, KITWE. | 11/30/2022 | UN-ECA(058)RWG/2003/2 | B1132 | 11/30/2022 | 11/30/2022 | MONOGRAPH | ||||||||
| CBU-MAIN LIBRARY, KITWE. | CBU-MAIN LIBRARY, KITWE. | 10/25/2023 | UNECA(02)RWG/2003/2 | 10/25/2023 | 10/25/2023 | INTERNATIONAL PUBLICATIONS | Special Collections | DEP-UNITED NATIONS |